00492 2200205 4500001002100000005001500021035002000036007000300056008004100059020001800100082001000118084001600128100001100144245003900155250000600194260003200200300003100232700000600263990001700269INLIS00000000000004820230223095032 a0010-0223000015ta230223 b 1 ind  a979-8399-00-5 a959.8 a959.8 RUD s0 aRudini1 aSumatera Barat /cDrs.Soemargono.K a- aJakarta :bIntermasa,c1992 a422 :bilus. ;c23.5 cme-1 a- a00006/R/1995